Optimálny návrh konštrukcií s uvážením jednostranných väzieb.
Salvato in:
| Autore principale: | |
|---|---|
| Altri autori: | |
| Natura: | Manoscritto Libro |
| Lingua: | slovacco |
| Pubblicazione: |
2015
|
| Soggetti: | |
| Accesso online: | http://is.stuba.sk/zp/portal_zp.pl?podrobnosti=94160 |
| Tags: |
Nessun Tag, puoi essere il primo ad aggiungerne!!
|
MARC
| LEADER | 00000ntm a22000003a 4500 | ||
|---|---|---|---|
| 001 | stuzp29350 | ||
| 003 | SK-STU | ||
| 005 | 20160719152925.2 | ||
| 007 | ta | ||
| 008 | 150427s2015----xo-----f-mn---000-0-slo-d | ||
| 040 | |a STU |b slo | ||
| 041 | 0 | |a slo | |
| 100 | 1 | |a Štiglic, Martin |u 010250 |4 aut |U SvF Stavebná fakulta |T SvF Katedra stavebnej mechaniky |X 39030 |U V250 |Y 26 |7 A000039030 | |
| 242 | 0 | 1 | |a Design optimization of structures with consideration of unilateral bonds |y eng |
| 245 | 1 | 0 | |a Optimálny návrh konštrukcií s uvážením jednostranných väzieb. |
| 260 | |c 2015 | ||
| 650 | 4 | |a citlivostná analýza |2 slo | |
| 650 | 4 | |a optimalizácia |2 slo | |
| 650 | 4 | |a jednostranná väzba |2 slo | |
| 650 | 4 | |a interakcia telies |2 slo | |
| 650 | 4 | |a rázové zaťaženie |2 slo | |
| 650 | 4 | |a shock load |2 eng | |
| 650 | 4 | |a optimization |2 eng | |
| 650 | 4 | |a sensitivity analysis |2 eng | |
| 650 | 4 | |a unilateral coupling |2 eng | |
| 650 | 4 | |a soil structure interaction |2 eng | |
| 700 | 1 | |a Dický, Jozef |4 ths |X 976 |7 A000000976 | |
| 856 | 4 | |u http://is.stuba.sk/zp/portal_zp.pl?podrobnosti=94160 | |
| 996 | |b 284V041277 |c V* 3242/DP-1172 |l VVS |s P |a 0 |w stuzp29350_0001 | ||
| SQL | |a stuzp29350 |b DDZ |c SLO |d Optimálny návrh konštrukcií s uvážením jednostranných väzieb. |e 39030 |f Štiglic, Martin |g 010250 |h 976 |i Dický, Jozef |j 20150825 |k 676 |l 01 |m http://is.stuba.sk/zp/portal_zp.pl?podrobnosti=94160 |n D-APLME4 |o 5.1.7. aplikovaná mechanika | ||